000 00618nam a2200193 a 4500
005 20220604063728.0
008 030929s1997 mx r 000 0 spa d
020 _a9586163156
035 _aUPN01000129276
049 _aCG
050 4 _aJL1211
_bF5.2
100 1 _aFix-Zamudio, Héctor,
_d1924-
245 1 0 _aActa constitutiva y de reformas de 1847 /
_cHéctor Fix-Zamudio.
260 _aBogotá :
_bInstituto de Estudios Constitucionales Carlos Restrepo Piedrahita,
_c1997.
300 _a63 p.
440 0 _aTemas de derecho público ;
_v46
651 4 _aMéxico
_xHistoria constitucional
_94597
905 _aLibro
999 _c101448
_d101448